Le grand quiz des animaux par images - Statistiques

Statistiques générales
  • Ce quiz a été pris 57 fois
  • Le résultat moyen est 60 sur 160
Statistiques - réponses
Par images Réponse % Correct
chauve souris
98%
hérisson
98%
taupe
95%
abeille
90%
cerf
85%
loup
85%
écureuil
80%
lynx
80%
ours
80%
renard roux
80%
sanglier
76%
élan
73%
blaireau
71%
éléphant
71%
escargot
71%
lion
71%
phoque
71%
zèbre
71%
gendarme
68%
hyène
68%
lièvre
68%
rhinocéros
68%
guépard
66%
dromadaire
63%
chameau
61%
dauphin
61%
léopard
61%
lombric
61%
narval
61%
orque
61%
salamandre tachetée
61%
buffle
59%
crocodile
59%
panda roux
59%
phacochère
59%
requin marteau
59%
belette
56%
étoile de mer
56%
scorpion
56%
tortue
56%
cigogne
54%
hibou grand duc
54%
manchot
54%
méduse
54%
bouquetin
51%
fennec
51%
gnou
51%
musaraigne
51%
poulpe
51%
tapir
51%
ara
49%
cocinelle
49%
grand requin blanc
49%
hermine
49%
martin pêcheur
49%
sangsue
49%
cachalot
46%
oursin
46%
anémone
44%
mante religieuse
44%
pélican
44%
perruche
44%
pingouin
44%
ragondin
44%
suricate
44%
araignée
41%
babouin
41%
chevreuil
41%
gazelle de Thomson
41%
moule
41%
okapi
41%
rainette verte
41%
tique
41%
beluga
39%
murène
39%
renard polaire
39%
ecrevisse
37%
lycaon
37%
requin baleine
34%
saumon
34%
axolotl
32%
cacatoes
32%
harfang
32%
rat taupe nu
32%
aigle royal
29%
bonobo
29%
chouette effraie
29%
cloporte
29%
forficule
29%
nasique
29%
pintade
29%
brochet
27%
oryx
27%
Pygargue
27%
silure
27%
tarsier
27%
acarien
24%
blobfish
24%
impala
24%
macareux
24%
mandrill
24%
marabout
24%
mésange bleue
24%
requin tigre
24%
serval
24%
triton
24%
calmar
22%
dugong
22%
faucon pèlerin
22%
gavial
22%
piranha
22%
aye aye
20%
cormoran
20%
lamproie
20%
mangouste
20%
orvet
20%
pic épeiche
20%
tortue de Galapagos
20%
fossa
17%
harpie
17%
ibis sacré
17%
marsouin
17%
mésange charbonnière
17%
requin pèlerin
17%
scolopendre
17%
tardigrade
17%
bec en sabot
15%
gecko
15%
grue royale
15%
kakapo
15%
nautille
15%
requin du Groenland
15%
sterne
15%
cœlacanthe
12%
crevette mante
12%
éponge de mer
12%
gypaète
12%
lamentin
12%
moloch
12%
requin renard
12%
ténia
12%
babiroussa
10%
bénitier géant
10%
dik dik
10%
guppy
10%
hanneton
10%
limule
10%
carcajou
7%
chardonneret élégant
7%
mésange huppée
7%
arapaïma
5%
ascaris
5%
nématode
5%
roitelet
5%
sittelle torchepot
5%
holothurie
2%
hydre
2%
planaire
2%
vivaneau
2%
amblypyge
0%
Aucun quiz correspondant
Distribution des résultats
% des personnes avec chaque résultat
Percentile par nombre de réponses
Votre historique - résultats
Vous n’avez pas pris ce quiz